Simple propagation : a book of instructions for propagation by seed, division, layering, cuttings, budding, and grafting /

Bibliographic Details
Main Author: Prockter, Noël J.
Format: Book
Language:English
Published: New York : Scribner, [1976]
Subjects:

MARC

Tag First Indicator Second Indicator Subfields
LEADER 00000cam a2200000 i 4500
001 in00000614721
005 20151015050835.0
008 771026s1976 nyua 00110 eng
010 |a  77071046  
020 |a 0684149168 :  |c $8.95 
035 |a (OCoLC)03414107 
035 |9 ACT2628AM 
040 |a DLC  |c DLC  |d TXA  |d UtOrBLW 
049 |a TXAM  |c [1539832] 
050 0 0 |a SB119  |b .P76 1976b 
082 0 |a 631.5/3 
100 1 |a Prockter, Noël J. 
245 1 0 |a Simple propagation :  |b a book of instructions for propagation by seed, division, layering, cuttings, budding, and grafting /  |c Noel J. Prockter. 
264 1 |a New York :  |b Scribner,  |c [1976] 
264 4 |c ©1976 
300 |a 244 pages :  |b illustrations ;  |c 21 cm. 
336 |a text  |b txt  |2 rdacontent 
337 |a unmediated  |b n  |2 rdamedia 
338 |a volume  |b nc  |2 rdacarrier 
500 |a Includes index. 
650 0 |a Plant propagation. 
999 |a MARS 
999 f f |s bfc45056-ab11-3893-8e61-a8c6bb7181ef  |i 46463f96-f147-3b3d-ba2a-65668178b62e  |t 0 
952 f f |p ric  |a Texas A&M University  |b Rellis Campus  |c Joint Library Facility  |d Remote Storage  |t 0  |e SB119 .P76 1976b  |h Library of Congress classification  |i unmediated -- volume  |m A14805192778 
998 f f |a SB119 .P76 1976b  |t 0  |l Remote Storage